000 00980nam a2200193 i 4500
001 155933
003 ES-MaACL
005 20230906210245.0
008 040726s1811 sp |||| | spa d
245 0 1 _a¿Para qué la Inquisición?
_b: La Inquisición es un tribunal injusto, que pone trabas al ingenio, priva al hombre de la libertad que es su más rico patrimonio, y le prohíbe la lectura de tantos bellos libros como han salido en estos tiempos ... Así se explican los impíos...
260 _aEn Valencia :
_b[s.n.],
_c1811 (
_fen la Imprenta de Salvador Faulí)
300 _a12 p. ;
_c19 cm.
530 _aDisponible en formato digital.
594 _aTít. tomado de comienzo de texto.
650 0 4 _aInquisición-
_zEspaña-
_yS.XIX.
_913800
700 1 _aFaulí, Salvador.
_9127019
852 _aES-MaACL
_jR-3098(9)
_x Olim:D-621
_x
_z- Enc. hol.
_z. - Sello de la Biblioteca de Salvador J. Trillo
856 _uhttp://roderic.uv.es/handle/10550/41542
_zRODERIC
999 _c155933
_d155933